[Event "Neum"]
[Site "?"]
[Date "2000.??.??"]
[Round "?"]
[White "Ivanchuk, V."]
[Black "Rublevsky, S."]
[Result "0-1"]
[WhiteElo "2715"]
[BlackElo "2670"]
[PlyCount "86"]
[EventDate "2000.??.??"]
[Source "Chess Informant"]
[SourceDate "2000.06.01"]

1. e4 c5 2. Nf3 e6 3. d4 cxd4 4. Nxd4 a6 5. Be2 Nf6 6. Nc3 Qc7 7. O-O d6 8. a4 Be7 9. a5 O-O 10. Be3 Nbd7 11. g4 h6 12. f4 d5 13. exd5 Nxd5 14. Nxd5 exd5 15. Nf5 Nf6 16. Nxe7+ Qxe7 17. Ra3 Be6 18. Bf3 Rfe8 19. Bd4 Ne4 20. Re3 f5 21. c4 Rad8 22. cxd5 Bxd5 23. gxf5 Qf7 24. Rfe1 Qxf5 25. Qc2 Bc6 26. Bxe4 Rxe4 27. Rxe4 Qg6+ 28. Kf2 Rxd4 29. Qxc6 Qxc6 30. Rxd4 Qc5 31. Ree4 Qxa5 32. b4 Qa3 33. Kg2 Qc3 34. Rd8+ Kh7 35. Rdd4 b6 36. f5 a5 37. bxa5 bxa5 38. Ra4 Qc5 39. Rf4 Qd5+ 40. Kg3 Qd3+ 41. Kg2 Qe3 42. Rf2 Qg5+ 43. Kf1 Qc1+ 0-1

[Event "zt3.3, HeiBei CHN"]
[Site "?"]
[Date "2001.??.??"]
[Round "11"]
[White "Wang Zili"]
[Black "Wang Rui"]
[Result "0-1"]
[WhiteElo "2580"]
[BlackElo "2525"]
[PlyCount "110"]
[EventDate "2001.??.??"]
[Source "www.chesslib.no"]
[SourceDate "2004.05.04"]

1. e4 c5 2. Nf3 e6 3. d4 cxd4 4. Nxd4 a6 5. Nc3 Qc7 6. Be2 Nf6 7. O-O d6 8. f4 b5 9. Bf3 Bb7 10. a3 Be7 11. Kh1 Nbd7 12. Qe2 O-O 13. e5 dxe5 14. fxe5 Bxf3 15. Nxf3 Nd5 16. Nxd5 exd5 17. Rd1 Rac8 18. c3 Nb6 19. Qf2 Rfe8 20. Qg3 Bf8 21. Rd4 Nc4 22. Rxd5 Rcd8 23. Rd4 f6 24. exf6 Qxg3 25. hxg3 gxf6 26. b3 Na5 27. Rb1 Nc6 28. Rxd8 Rxd8 29. Bd2 Ne5 30. Be1 Bc5 31. a4 Rd3 32. axb5 axb5 33. b4 Bb6 34. Ra1 Kf7 35. Ra6 Be3 36. Ra1 Ng4 37. Nh4 Ke6 38. Nf3 Rd5 39. Nh4 Ke5 40. Ra8 Ke4 41. Ra1 Rd6 42. Nf3 f5 43. Nh4 Rh6 44. Ra5 Kd3 45. Ra2 Ke4 46. Ra8 Kd3 47. Ra2 Kc4 48. Ra3 Ne5 49. Ra2 Ng6 50. Ra6 Kd3 51. Re6 Ke2 52. c4 bxc4 53. b5 Nxh4 54. Rxh6 Bxh6 55. b6 Be3 0-1

[Event "EU-ch 2nd"]
[Site "Ohrid"]
[Date "2001.06.02"]
[Round "2"]
[White "Degraeve, Jean Marc"]
[Black "Arbakov, Valentin"]
[Result "1-0"]
[WhiteElo "2589"]
[BlackElo "2491"]
[PlyCount "91"]
[EventDate "2001.06.01"]
[Source "ChessBase"]
[SourceDate "2001.09.13"]

1. e4 c5 2. Nf3 e6 3. Nc3 a6 4. d4 cxd4 5. Nxd4 Qc7 6. Be2 Nf6 7. O-O d6 8. Be3 b5 9. a3 Bb7 10. Bd3 Nbd7 11. f4 Be7 12. Qf3 Nc5 13. Rae1 O-O 14. Kh1 Rae8 15. Bg1 d5 16. e5 Nfe4 17. Bxe4 Nxe4 18. Nxe4 dxe4 19. Qg4 g6 20. c3 Bd5 21. Ne2 h5 22. Qh3 h4 23. Bf2 Kg7 24. Bxh4 Rh8 25. Bf6+ Bxf6 26. exf6+ Kxf6 27. Qg3 Rc8 28. Ng1 Kg7 29. Nh3 f6 30. Nf2 f5 31. Rd1 Rh5 32. Qe3 g5 33. Nh3 g4 34. Ng5 Kg6 35. Kg1 Rch8 36. h3 Bc4 37. Rf2 Bd5 38. Rff1 Rxg5 39. fxg5 gxh3 40. gxh3 Rh5 41. Rd2 Bc4 42. Rfd1 Qe5 43. Rd8 Bd5 44. R1xd5 exd5 45. Qb6+ Kf7 46. Rd7+ 1-0

[Event "Geneve op"]
[Site "Geneve"]
[Date "1996.??.??"]
[Round "5"]
[White "Zelcic, Robert"]
[Black "Sokolov, Andrei"]
[Result "1/2-1/2"]
[WhiteElo "2495"]
[BlackElo "2580"]
[PlyCount "81"]
[EventDate "1996.01.??"]
[Source "ChessBase"]

1. e4 c5 2. Nf3 e6 3. d4 cxd4 4. Nxd4 Nf6 5. Nc3 d6 6. Be2 a6 7. O-O Qc7 8. a4 b6 9. f4 Bb7 10. Bf3 Nbd7 11. Kh1 Be7 12. Qe2 O-O 13. e5 Bxf3 14. Nxf3 Ne8 15. Be3 g6 16. Rad1 d5 17. Nd4 Ng7 18. Qg4 Nc5 19. Bf2 Rac8 20. Bh4 h5 21. Qh3 Bxh4 22. Qxh4 Ne4 23. Nxe4 dxe4 24. Qe1 Qb7 25. Qe2 Nf5 26. Nxf5 exf5 27. Rd6 b5 28. axb5 Qxb5 29. Qxb5 axb5 30. Rf2 Rc4 31. g3 Rfc8 32. c3 b4 33. cxb4 Rxb4 34. Rfd2 Rcb8 35. e6 fxe6 36. Rxe6 R4b6 37. Re7 R6b7 38. Re6 Rb6 39. Re7 R6b7 40. Re6 Rb6 41. Re7 1/2-1/2

[Event "RUS-ch"]
[Site "Elista"]
[Date "1995.??.??"]
[Round "9"]
[White "Geller, Efim P"]
[Black "Rublevsky, Sergei"]
[Result "0-1"]
[WhiteElo "2465"]
[BlackElo "2595"]
[PlyCount "102"]
[EventDate "1995.10.??"]
[Source "ChessBase"]

1. e4 c5 2. Nf3 e6 3. Nc3 a6 4. d4 cxd4 5. Nxd4 Qc7 6. Be2 Nf6 7. O-O d6 8. f4 Be7 9. Qe1 Nbd7 10. Bf3 h6 11. Kh1 Rg8 12. Qd1 g5 13. f5 e5 14. Ne6 fxe6 15. Bh5+ Nxh5 16. Qxh5+ Kd8 17. fxe6 Nf6 18. Qf7 Rf8 19. Rxf6 Rxf7 20. exf7 Bf8 21. Nd5 Qxc2 22. Be3 Bh3 23. Rf2 Qd3 24. Rd2 Bxg2+ 25. Kg1 Qxe4 26. Bb6+ Kd7 27. Nf6+ Ke6 28. Nxe4 Bxe4 29. Re2 Bf3 30. Rc2 Be7 31. Rf1 g4 32. Kf2 Rf8 33. Kg3 h5 34. h3 Rxf7 35. Re1 Bd5 36. Re3 Bf8 37. Bd8 Bg7 38. Rc7 Rxc7 39. Bxc7 Bxa2 40. Rd3 Bd5 41. Bd8 Bf3 42. Rd2 d5 43. Rc2 e4 44. Bc7 d4 45. Rc5 e3 46. Bf4 Bd5 47. Rc8 Bc6 48. Rg8 Bf6 49. Rf8 Be5 50. Bxe5 Kxe5 51. Rh8 d3 0-1

[Event "RUS-ch"]
[Site "Elista"]
[Date "1994.??.??"]
[Round "1"]
[White "Beshukov, Sergei"]
[Black "Rublevsky, Sergei"]
[Result "0-1"]
[WhiteElo "2495"]
[BlackElo "2565"]
[PlyCount "100"]
[EventDate "1994.09.??"]
[Source "ChessBase"]

1. e4 c5 2. Nf3 e6 3. d4 cxd4 4. Nxd4 a6 5. Nc3 Qc7 6. Be2 Nf6 7. O-O d6 8. Be3 b5 9. a3 Bb7 10. Bd3 Nbd7 11. Qe2 Ne5 12. h3 Rc8 13. Rad1 Qb8 14. Bg5 Be7 15. a4 Nxd3 16. cxd3 bxa4 17. Nxa4 O-O 18. Rc1 Ba8 19. Bd2 Nd7 20. Bc3 Bf6 21. Nf3 e5 22. Bd2 d5 23. Nc3 d4 24. Na4 Qb3 25. Ra1 Be7 26. Bg5 f6 27. Nd2 Qb4 28. Qg4 fxg5 29. Qxd7 Kh8 30. Nc4 Bc6 31. Qe6 Bxa4 32. Rxa4 Qxa4 33. Qxe7 Rce8 34. Qxg5 h6 35. Qh5 Kg8 36. Nxe5 Qb5 37. f4 Qxb2 38. Nd7 Rf7 39. Qd5 Qb5 40. Nc5 Rc8 41. Rc1 a5 42. Qxd4 Rxf4 43. Qe5 Rf6 44. Qd5+ Kh8 45. e5 Rf5 46. Rc4 Qb2 47. Nd7 Rd8 48. Ra4 Qc1+ 49. Kh2 Qc7 50. Rd4 Rxe5 0-1

[Event "4. IECC"]
[Site "?"]
[Date "2003.06.07"]
[Round "8"]
[White "Dvoirys Semen I"]
[Black "Genov Petar"]
[Result "1-0"]
[WhiteElo "2552"]
[BlackElo "2490"]
[PlyCount "67"]
[EventDate "2003.??.??"]
[Source "www.chesslib.no"]
[SourceDate "2004.05.04"]

1. e4 c5 2. Nf3 d6 3. d4 cxd4 4. Nxd4 Nf6 5. Nc3 a6 6. Be2 e6 7. O-O Qc7 8. f4 Nbd7 9. a4 b6 10. Bf3 Bb7 11. Qe1 Rc8 12. Kh1 Ba8 13. Qg3 g6 14. e5 Bxf3 15. Nxf3 Nh5 16. Qh3 dxe5 17. fxe5 Nxe5 18. Nxe5 Qxe5 19. Bd2 Bg7 20. Rae1 Qd6 21. Ne4 Qc6 22. Bb4 Bf8 23. Bc3 Bg7 24. Bxg7 Nxg7 25. Qa3 Nf5 26. Rf3 Rc7 27. Rc3 Qb7 28. Rd1 Re7 29. Nf6+ Kf8 30. Rd7 Qa8 31. Rcc7 Kg7 32. Rxe7 Nxe7 33. Qxe7 Rf8 34. Nd7 1-0

[Event "Elista ol (Men)"]
[Site "Elista"]
[Date "1998.10.02"]
[Round "4"]
[White "Isaev, Jamshed"]
[Black "Dao Thien Hai"]
[Result "0-1"]
[WhiteElo "2440"]
[BlackElo "2580"]
[PlyCount "136"]
[EventDate "1998.09.29"]
[Source "ChessBase"]
[SourceDate "1998.11.06"]

1. e4 c5 2. Nf3 d6 3. d4 cxd4 4. Nxd4 Nf6 5. Nc3 a6 6. Be2 e6 7. O-O Qc7 8. f4 Nbd7 9. Bf3 Rb8 10. a4 b6 11. g4 h6 12. Bg2 Bb7 13. h3 g6 14. Qe2 Bg7 15. Qf2 O-O 16. Bd2 Qc4 17. b3 Qc5 18. Nde2 Qxf2+ 19. Kxf2 Rfc8 20. Rad1 Rc7 21. Be1 Ne8 22. Kg3 Rbc8 23. Rf3 b5 24. axb5 axb5 25. Nxb5 Rxc2 26. Re3 e5 27. f5 h5 28. Bf3 Bh6 29. Rc3 R8xc3 30. Nbxc3 hxg4 31. hxg4 Nc5 32. b4 Nxe4+ 33. Nxe4 Bxe4 34. Bxe4 Rxe2 35. Bc6 Nf6 36. fxg6 fxg6 37. Rxd6 Kg7 38. Bf2 Rb2 39. b5 Bf4+ 40. Kf3 Rb3+ 41. Kg2 Nxg4 42. Bg1 Rb2+ 43. Kh1 Nh6 44. Rd7+ Kf6 45. Rd6+ Kf7 46. Bd5+ Kg7 47. Rd7+ Kf6 48. b6 Nf5 49. Bc5 Kg5 50. Kg1 Be3+ 51. Bxe3+ Nxe3 52. b7 Nxd5 53. Rxd5 Kf4 54. Rd7 g5 55. Kf1 g4 56. Rf7+ Kg3 57. Re7 e4 58. Rxe4 Rxb7 59. Re3+ Kh2 60. Re2+ Kh3 61. Re1 Kh2 62. Re2+ Kh1 63. Kf2 Rb3 64. Re4 g3+ 65. Ke2 g2 66. Rh4+ Kg1 67. Rh7 Rb5 68. Re7 Rh5 0-1

[Event "Trophy Chessgalaxy, Naujac-sur-Mer FRA"]
[Site "?"]
[Date "2001.??.??"]
[Round "4"]
[White "Nisipeanu, LD."]
[Black "Siebrecht, S."]
[Result "0-1"]
[WhiteElo "2605"]
[BlackElo "2410"]
[PlyCount "110"]
[EventDate "2001.??.??"]
[Source "www.chesslib.no"]
[SourceDate "2004.05.04"]

1. e4 c5 2. Nf3 e6 3. Nc3 a6 4. d4 cxd4 5. Nxd4 Qc7 6. Be2 Nf6 7. O-O d6 8. a4 b6 9. f4 Bb7 10. Bf3 Be7 11. e5 dxe5 12. fxe5 Nfd7 13. Bxb7 Qxb7 14. Qg4 Bc5 15. Kh1 Bxd4 16. Qxd4 O-O 17. Bf4 Nc6 18. Qe3 Ne7 19. Rad1 Rac8 20. Qf3 Qxf3 21. Rxf3 Rc7 22. Rfd3 Nb8 23. Be3 Rb7 24. Ne4 Nd5 25. Nd6 Rc7 26. c3 Nd7 27. Bd4 Nc5 28. Bxc5 Rxc5 29. Re1 Nf4 30. Rd4 Ng6 31. Rb4 Rb8 32. Rbe4 Rd5 33. c4 Rd2 34. R4e2 Rxe2 35. Rxe2 Rd8 36. a5 Nxe5 37. Rxe5 Rxd6 38. h3 bxa5 39. Rxa5 Rb6 40. c5 Rxb2 41. Rxa6 g6 42. Ra7 Rc2 43. Rc7 Kg7 44. Kh2 h5 45. Kg3 g5 46. Kf3 Kg6 47. Rc8 Kf5 48. Rh8 Rc3+ 49. Ke2 h4 50. Rc8 Ke4 51. c6 Rc2+ 52. Kd1 Rc5 53. c7 Kf4 54. Ke2 e5 55. Kd3 f5 0-1

[Event "Praha"]
[Site "?"]
[Date "1992.??.??"]
[Round "?"]
[White "Smagin, S."]
[Black "Jansa, V."]
[Result "1-0"]
[WhiteElo "2550"]
[BlackElo "2460"]
[PlyCount "109"]
[EventDate "1992.??.??"]
[Source "ChessBase"]
[SourceDate "1991.10.01"]

1. e4 c5 2. Nf3 d6 3. d4 cxd4 4. Nxd4 Nf6 5. Nc3 a6 6. Be2 e6 7. O-O Qc7 8. a4 b6 9. Bg5 Nbd7 10. f4 Bb7 11. f5 exf5 12. Nxf5 g6 13. Qd4 Qc5 14. Qxc5 bxc5 15. Bxf6 Nxf6 16. Nxd6+ Bxd6 17. Rxf6 Be5 18. Rb6 Ra7 19. Bc4 O-O 20. Nd5 Kg7 21. Rf1 a5 22. c3 Bxd5 23. exd5 Rb8 24. Rb5 Bd6 25. g3 h5 26. Kg2 Re7 27. b3 Ra7 28. Kf3 Kf8 29. Re1 Re8 30. Rxe8+ Kxe8 31. Rb6 Ke7 32. Rc6 Be5 33. Ke4 Bd6 34. Bb5 Ra8 35. Kf3 Ra7 36. Rc8 Bc7 37. h3 Bd6 38. g4 hxg4+ 39. hxg4 Kf6 40. Re8 Bc7 41. Ke4 Bd6 42. Rd8 Re7+ 43. Kd3 Ke5 44. Ra8 Kxd5 45. Rxa5 f5 46. Bc4+ Kc6 47. Ra6+ Kc7 48. Bb5 Re6 49. Rc6+ Kb7 50. g5 Re1 51. a5 Be7 52. Rxg6 f4 53. Rg7 f3 54. Rf7 f2 55. Kc2 1-0

[Event "Pirc Memorial"]
[Site "?"]
[Date "2000.??.??"]
[Round "2.2"]
[White "Grosar Aljosa"]
[Black "Mihalcisin Adrian"]
[Result "1/2-1/2"]
[WhiteElo "2449"]
[BlackElo "2552"]
[PlyCount "40"]
[EventDate "2000.??.??"]
[Source "www.chesslib.no"]
[SourceDate "2004.05.04"]

1. e4 c5 2. Nf3 e6 3. d4 cxd4 4. Nxd4 Nf6 5. Nc3 d6 6. Be2 a6 7. O-O Qc7 8. f4 Be7 9. Be3 O-O 10. Kh1 b5 11. a3 Bb7 12. Bd3 Nbd7 13. Qf3 Nc5 14. Rae1 Rac8 15. Bd2 d5 16. e5 Nfe4 17. Bxe4 Nxe4 18. Nxe4 dxe4 19. Qg3 Bc5 20. c3 Kh8 1/2-1/2

[Event "Moscow ol (Men)"]
[Site "Moscow"]
[Date "1994.??.??"]
[Round "2"]
[White "Mohr, Georg"]
[Black "Rublevsky, Sergei"]
[Result "1/2-1/2"]
[WhiteElo "2435"]
[BlackElo "2565"]
[PlyCount "97"]
[EventDate "1994.11.??"]
[Source "ChessBase"]

1. e4 c5 2. Nf3 e6 3. d4 cxd4 4. Nxd4 a6 5. Nc3 Qc7 6. Be2 Nf6 7. O-O d6 8. f4 Be7 9. Be3 O-O 10. a4 b6 11. Kh1 Bb7 12. Bd3 Nbd7 13. Qf3 Rfe8 14. Rae1 Nc5 15. Bg1 Rac8 16. Qh3 h6 17. Rf3 Bf8 18. Rg3 Kh8 19. Nf3 Rcd8 20. e5 Nxd3 21. cxd3 dxe5 22. Nxe5 Kh7 23. Rc1 Qe7 24. Bxb6 Rc8 25. Be3 Qb4 26. Nc4 Bd5 27. Bd4 Bxc4 28. Bxf6 Bxd3 29. Rxd3 Qxf4 30. Rdd1 Qxf6 31. Qd3+ Qg6 32. Qxa6 Rb8 33. Qe2 Rb4 34. a5 Reb8 35. Rd2 Be7 36. Ra1 Bg5 37. Rc2 Be3 38. a6 Ba7 39. Rd2 e5 40. Qxe5 Rxb2 41. Rxb2 Rxb2 42. Qe4 f5 43. Qd5 Qf6 44. Rd1 Rb6 45. Qd3 Qe5 46. Ne2 Bb8 47. Ng3 Rd6 48. Qc2 Rxa6 49. Qxf5+ 1/2-1/2

[Event "Budapest FS05 GM"]
[Site "Budapest"]
[Date "1996.??.??"]
[Round "13"]
[White "Loskutov, Oleg"]
[Black "Dao Thien Hai"]
[Result "1-0"]
[WhiteElo "2440"]
[BlackElo "2560"]
[PlyCount "81"]
[EventDate "1996.05.??"]
[Source "ChessBase"]

1. e4 c5 2. Nf3 d6 3. d4 cxd4 4. Nxd4 Nf6 5. Nc3 a6 6. Be2 e6 7. O-O Qc7 8. f4 Be7 9. Be3 Nbd7 10. Bf3 O-O 11. Qe1 Nb6 12. Rd1 Bd7 13. Qg3 Rac8 14. e5 Ne8 15. Bc1 Nc4 16. Rfe1 Rd8 17. Kh1 Bc8 18. Nf5 dxe5 19. Nxe7+ Qxe7 20. fxe5 Rxd1 21. Nxd1 f6 22. exf6 Nxf6 23. b3 Nb6 24. Bf4 Qf7 25. Bd6 Re8 26. Nf2 Nbd5 27. Nd3 Rd8 28. c4 Ne7 29. Ne5 Qe8 30. Bc5 Rd2 31. a4 Rb2 32. Ng4 Nxg4 33. Bxg4 Ng6 34. Bd4 Ra2 35. Qc7 Ne7 36. Bc5 Ng6 37. Rd1 Nf8 38. Bxf8 Kxf8 39. h3 h5 40. Bxh5 Qxh5 41. Rd8+ 1-0

[Event "Ron Banwell Masters, London ENG"]
[Site "?"]
[Date "2001.??.??"]
[Round "8"]
[White "Thipsay, P."]
[Black "Kunte, A."]
[Result "1/2-1/2"]
[WhiteElo "2450"]
[BlackElo "2545"]
[PlyCount "24"]
[EventDate "2001.??.??"]
[Source "www.chesslib.no"]
[SourceDate "2004.05.04"]

1. e4 c5 2. Nf3 e6 3. d4 cxd4 4. Nxd4 Nf6 5. Nc3 d6 6. Be2 a6 7. O-O Qc7 8. a4 b6 9. f4 Nbd7 10. Bf3 Bb7 11. Kh1 Rd8 12. Qe1 Be7 1/2-1/2

[Event "Altensteig"]
[Site "Altensteig"]
[Date "1992.??.??"]
[Round "10"]
[White "Mueller, Karsten"]
[Black "Schlosser, Philipp"]
[Result "0-1"]
[WhiteElo "2490"]
[BlackElo "2500"]
[PlyCount "182"]
[EventDate "1992.07.??"]
[Source "ChessBase"]

1. e4 c5 2. Nf3 e6 3. d4 cxd4 4. Nxd4 a6 5. Nc3 Qc7 6. Be2 Nf6 7. O-O d6 8. f4 Be7 9. Kh1 O-O 10. Qe1 b5 11. Bf3 Bb7 12. e5 Ne8 13. f5 dxe5 14. fxe6 Bxf3 15. exf7+ Rxf7 16. Nxf3 Nd7 17. Bg5 Bf8 18. Bh4 Nd6 19. Bg3 Re8 20. Rd1 Qc6 21. Qe2 h6 22. Nh4 Rxf1+ 23. Rxf1 Qc4 24. Re1 Qxe2 25. Rxe2 Kf7 26. Kg1 Nc4 27. b3 Bc5+ 28. Bf2 Nd6 29. Nf3 Rc8 30. Nd5 Bxf2+ 31. Kxf2 Ke6 32. Nf4+ Kf5 33. Nd5 Rc5 34. Ne3+ Ke6 35. Nd2 Nb6 36. a3 a5 37. Ke1 a4 38. Kd1 Nd5 39. Nxd5 Kxd5 40. Nf1 Rc3 41. Kd2 Rc8 42. Ne3+ Ke6 43. Kd3 e4+ 44. Kd4 b4 45. c4 bxc3 46. bxa4 Ra8 47. Kxc3 Rxa4 48. Nc2 Ke5 49. Kb3 Ra8 50. Kc3 Nb5+ 51. Kd2 Nxa3 52. Nxa3 Rxa3 53. Ke1 h5 54. g3 e3 55. Rb2 Ke4 56. Ke2 Ra4 57. Rb7 Ra2+ 58. Ke1 g5 59. Rb5 Kf3 60. Rf5+ Kg4 61. Re5 Rxh2 62. Rxe3 Rg2 63. Kf1 Rxg3 64. Re2 h4 65. Ra2 Rb3 66. Kg2 h3+ 67. Kh2 Kh4 68. Ra4+ g4 69. Rc4 Rb2+ 70. Kg1 Re2 71. Ra4 Kg3 72. Ra3+ Kf4 73. Ra4+ Kf3 74. Ra3+ Re3 75. Ra1 g3 76. Rf1+ Ke2 77. Rf8 Re4 78. Rf7 Kd2 79. Rd7+ Kc3 80. Rc7+ Kd4 81. Rd7+ Ke5 82. Re7+ Kf5 83. Rf7+ Kg6 84. Rf1 Re2 85. Ra1 Kg5 86. Rb1 Kf4 87. Rb4+ Re4 88. Rb1 Kg4 89. Kh1 h2 90. Kg2 Re2+ 91. Kh1 Kh3 0-1

[Event "Baden-Baden-B"]
[Site "Baden-Baden"]
[Date "1992.??.??"]
[Round "8"]
[White "Xie Jun"]
[Black "Bischoff, Klaus"]
[Result "0-1"]
[WhiteElo "2480"]
[BlackElo "2510"]
[PlyCount "68"]
[EventDate "1992.12.??"]
[Source "ChessBase"]

1. e4 c5 2. Nf3 e6 3. d4 cxd4 4. Nxd4 a6 5. Nc3 Qc7 6. Be2 Nf6 7. O-O d6 8. f4 Be7 9. Be3 O-O 10. g4 Nfd7 11. g5 Re8 12. Bh5 g6 13. Bg4 Bd8 14. Qd2 Nc6 15. Rad1 Nxd4 16. Bxd4 b5 17. Qf2 Bb7 18. Rd3 Nf8 19. b4 Qc4 20. a3 Rc8 21. Qh4 h5 22. Bxh5 gxh5 23. Qxh5 Qxd4+ 24. Rxd4 Bb6 25. Ne2 Rxc2 26. Rfd1 e5 27. Kf1 exd4 28. e5 dxe5 29. f5 e4 30. Qh6 d3 31. Ng3 e3 32. Rxd3 e2+ 33. Nxe2 Rexe2 34. Qxb6 Bg2+ 0-1

[Event "Julian Borowski-B"]
[Site "Essen"]
[Date "2000.05.03"]
[Round "6"]
[White "Mainka, Romuald"]
[Black "Podzielny, Karl Heinz"]
[Result "0-1"]
[WhiteElo "2478"]
[BlackElo "2506"]
[PlyCount "100"]
[EventDate "2000.04.27"]
[Source "ChessBase"]
[SourceDate "2000.07.27"]

1. e4 c5 2. Nf3 e6 3. d4 cxd4 4. Nxd4 a6 5. Nc3 Qc7 6. Be2 Nf6 7. O-O d6 8. a4 b6 9. f4 Bb7 10. Bf3 Nbd7 11. Kh1 Rc8 12. Qe1 h5 13. e5 dxe5 14. fxe5 Ng4 15. Bf4 Bxf3 16. Nxf3 Bb4 17. Qg3 Bxc3 18. bxc3 Qb7 19. Ng5 Nc5 20. Be3 O-O 21. Bxc5 Rxc5 22. Qd3 g6 23. Nxe6 Rd5 24. Qf3 Rb8 25. Nd4 Rxe5 26. h3 Ne3 27. Qxb7 Rxb7 28. Rf6 Rc5 29. Ra3 Nd5 30. Rf3 Re7 31. Kh2 Re1 32. Kg3 Re4 33. Rd3 h4+ 34. Kf2 Nf4 35. Rf3 Rg5 36. g4 hxg3+ 37. Rxg3 Rh5 38. Kf3 Rhe5 39. Kf2 Ne2 40. Rd3 Nf4 41. Rf3 Rh5 42. Rb3 Nxh3+ 43. Kg3 Rhh4 44. Kg2 Nf4+ 45. Kg3 Nd5 46. Kg2 Ne3+ 47. Kg3 Nc4 48. Rf2 Rhg4+ 49. Kh3 Ne3 50. Rf3 Rg1 0-1

[Event "NED Team Ch 9495"]
[Site "NED"]
[Date "1994.??.??"]
[Round "8"]
[White "De Wit, Johannes S"]
[Black "Van Wely, Loek"]
[Result "1/2-1/2"]
[WhiteElo "2410"]
[BlackElo "2570"]
[PlyCount "80"]
[EventDate "1994.??.??"]
[Source "www.chesslib.no"]
[SourceDate "2004.05.04"]

1. e4 c5 2. Nf3 d6 3. d4 cxd4 4. Nxd4 Nf6 5. Nc3 a6 6. Be2 e6 7. O-O Qc7 8. f4 Be7 9. Be3 O-O 10. g4 b5 11. g5 Nfd7 12. f5 b4 13. Nb1 Nc5 14. f6 Bd8 15. fxg7 Kxg7 16. Nd2 Nbd7 17. a3 Rb8 18. Nc4 Kg8 19. Bd3 Ne5 20. Nxe5 dxe5 21. Nb3 Be7 22. Nxc5 Bxc5 23. Qe2 bxa3 24. bxa3 Bb7 25. Rf3 Bxe3+ 26. Qxe3 Qc3 27. Rb1 Bc6 28. Rbf1 Rb2 29. h4 Qd4 30. Qxd4 exd4 31. h5 Kg7 32. Rf6 Bb5 33. g6 hxg6 34. hxg6 Bxd3 35. cxd3 Rb3 36. Rxf7+ Rxf7 37. gxf7 Kf8 38. Rf6 Rxd3 39. Rxe6 Rxa3 40. Rd6 Kxf7 1/2-1/2

[Event "XI Festival"]
[Site "Voronezh RUS"]
[Date "2007.06.19"]
[Round "7"]
[White "Danin, A."]
[Black "Rodin, D."]
[Result "1-0"]
[WhiteElo "2513"]
[BlackElo "2442"]
[PlyCount "127"]
[EventDate "2007.06.12"]
[Source "www.chesslib.no"]
[SourceDate "2004.05.04"]

1. e4 c5 2. Nf3 e6 3. d4 cxd4 4. Nxd4 a6 5. Nc3 Qc7 6. Be2 Nf6 7. O-O d6 8. f4 Be7 9. Kh1 O-O 10. Be3 Nbd7 11. Bf3 Nb6 12. a4 Re8 13. Qe1 Nc4 14. Bc1 e5 15. Nde2 Qc5 16. Qg3 Ne3 17. Bxe3 Qxe3 18. fxe5 dxe5 19. Qxe5 Bc5 20. Qg3 Bd7 21. Rad1 Bc6 22. Rd3 Qh6 23. e5 Nh5 24. Qh3 Rxe5 25. g4 Qe6 26. Qg2 Nf6 27. Nf4 Bxf3 28. Rdxf3 Qc6 29. g5 Ne4 30. Nxe4 Rxe4 31. Nd3 Re7 32. Nxc5 Qxc5 33. Rxf7 Rxf7 34. Rxf7 Kxf7 35. Qxb7+ Qe7 36. Qxa8 Qe1+ 37. Kg2 Qe2+ 38. Kg3 Qe1+ 39. Kg2 Qe2+ 40. Kg3 Qe1+ 41. Kf4 Qd2+ 42. Kf3 Qxc2 43. Qb7+ Kf8 44. Qb4+ Kg8 45. h4 a5 46. Qd4 Kf7 47. Kf4 Qc1+ 48. Ke5 Qc7+ 49. Kd5 Qc2 50. Qf4+ Kg8 51. Qe4 Qd2+ 52. Ke6 Qd8 53. Qd5 Qe8+ 54. Kd6+ Kh8 55. Kc7 Qe7+ 56. Kc8 h6 57. Qd8+ Qxd8+ 58. Kxd8 hxg5 59. hxg5 Kh7 60. Kc7 Kg6 61. Kb6 Kxg5 62. Kxa5 Kf5 63. Kb6 g5 64. a5 1-0

[Event "Portoroz op"]
[Site "Portoroz"]
[Date "1996.??.??"]
[Round "?"]
[White "Fercec, Nenad"]
[Black "Palac, Mladen"]
[Result "0-1"]
[WhiteElo "2405"]
[BlackElo "2545"]
[PlyCount "84"]
[EventDate "1996.03.??"]
[Source "ChessBase"]

1. e4 c5 2. Nf3 e6 3. d4 cxd4 4. Nxd4 a6 5. Nc3 d6 6. Be2 Nf6 7. O-O Qc7 8. f4 Be7 9. Kh1 O-O 10. Qe1 b5 11. Bf3 Bb7 12. e5 Ne8 13. f5 dxe5 14. fxe6 Bxf3 15. Nxf3 fxe6 16. Bg5 Rxf3 17. Rxf3 Bxg5 18. Qe4 Nc6 19. Qg4 Qe7 20. Raf1 Nd6 21. Ne4 Nxe4 22. Qxe4 Rc8 23. Rf7 Qxf7 24. Rxf7 Kxf7 25. Qxh7 Nd4 26. Qh5+ Kf6 27. c3 Nf5 28. Qf3 Rc4 29. g3 e4 30. Qe2 e3 31. Kg2 Rc5 32. h4 Bh6 33. Kh3 Rd5 34. g4 Bf4 35. Qf3 Rd3 36. g5+ Kf7 37. Kg4 Bd6 38. h5 e2 39. Qb7+ Be7 40. g6+ Kf6 41. Qh1 Rg3+ 42. Kf4 Bd6+ 0-1

[Event "Berga Open"]
[Site "Berga"]
[Date "1994.??.??"]
[Round "6"]
[White "Anagnostopoulos, Dimitrios"]
[Black "Suba, Mihai"]
[Result "1/2-1/2"]
[WhiteElo "2425"]
[BlackElo "2525"]
[PlyCount "52"]
[EventDate "1994.??.??"]
[Source "www.chesslib.no"]
[SourceDate "2004.05.04"]

1. e4 c5 2. Nf3 d6 3. d4 Nf6 4. Nc3 cxd4 5. Nxd4 e6 6. Be2 a6 7. O-O Qc7 8. f4 Be7 9. Qe1 b5 10. Bf3 Bb7 11. e5 dxe5 12. fxe5 Bc5 13. Be3 Qxe5 14. Bxb7 Bxd4 15. Bxd4 Qxd4+ 16. Kh1 Ra7 17. Rd1 Qb6 18. Rxf6 Rxb7 19. Nd5 Qd8 20. Nc7+ Qxc7 21. Rxe6+ fxe6 22. Qxe6+ Qe7 23. Qc8+ Kf7 24. Rf1+ Kg6 25. Qf5+ Kh6 26. Qh3+ Kg6 1/2-1/2

[Event "Linares Anibal op 4th"]
[Site "Linares"]
[Date "1997.??.??"]
[Round "6"]
[White "Rohl Montes, Juan"]
[Black "Suba, Mihai"]
[Result "1/2-1/2"]
[WhiteElo "2415"]
[BlackElo "2535"]
[PlyCount "82"]
[EventDate "1997.02.??"]
[Source "ChessBase"]

1. e4 c5 2. Nf3 d6 3. d4 Nf6 4. Nc3 cxd4 5. Nxd4 e6 6. Be2 a6 7. O-O Qc7 8. f4 Be7 9. Be3 O-O 10. g4 b5 11. g5 Nfd7 12. f5 b4 13. fxe6 bxc3 14. exf7+ Rxf7 15. Rxf7 Kxf7 16. Qf1+ Nf6 17. Bc4+ Ke8 18. gxf6 Bxf6 19. bxc3 Nc6 20. Bd5 Bd7 21. Nxc6 Bxc6 22. Qc4 Rc8 23. Bxc6+ Qxc6 24. Qe6+ Be7 25. Bg5 Qd7 26. Qg8+ Bf8 27. Rf1 Qg4+ 28. Kh1 Qxe4+ 29. Kg1 Kd7 30. Rf7+ Kc6 31. Rxf8 Qg4+ 32. Kf2 Rxf8+ 33. Qxf8 Qxg5 34. Qc8+ Kd5 35. Qxa6 Qf4+ 36. Kg2 Qd2+ 37. Kg3 Qg5+ 38. Kf2 Qh4+ 39. Kg2 Qe4+ 40. Kg3 Qg6+ 41. Kf3 Qe4+ 1/2-1/2

[Event "First Saturday GM - Marzo 2008"]
[Site "Budapest UNG"]
[Date "2008.03.13"]
[Round "13"]
[White "Antal, Gergely"]
[Black "Bui, Vinh"]
[Result "0-1"]
[WhiteElo "2467"]
[BlackElo "2482"]
[PlyCount "120"]
[EventDate "2008.03.01"]
[Source "www.chesslib.no"]
[SourceDate "2004.05.04"]

1. e4 c5 2. Nf3 e6 3. d4 cxd4 4. Nxd4 a6 5. Nc3 Qc7 6. Be2 Nf6 7. O-O d6 8. f4 Be7 9. Be3 O-O 10. g4 d5 11. exd5 Nxd5 12. Nxd5 exd5 13. Bd3 Nc6 14. c3 Bc5 15. Kh1 Bxd4 16. cxd4 Re8 17. Re1 Bd7 18. Qf3 Qd6 19. f5 Nb4 20. Bb1 Qb6 21. a3 Nc6 22. Qf2 Na5 23. b3 Rac8 24. Bc2 f6 25. Bd1 Re4 26. Bf3 Qxb3 27. Rab1 Qd3 28. Rbd1 Qb5 29. Bxe4 dxe4 30. d5 Nc4 31. Bf4 Re8 32. Qg3 Qc5 33. Qg2 Ba4 34. Rc1 Qxd5 35. Qa2 e3+ 36. Qg2 Qd4 37. Bxe3 Nxe3 38. Qxb7 Qd2 39. Qf3 Bb3 40. Kg1 Qd4 41. Qf2 Bd5 42. h3 Qe4 43. Kh2 h6 44. Rcd1 Bc6 45. Rc1 Bb5 46. Kg1 Kh7 47. Kh2 Qd3 48. Ra1 Qd4 49. Kg1 Qd3 50. Kh2 Nc2 51. Rad1 Nxe1 52. Rxd3 Nxd3 53. Qa7 Re4 54. Kg3 Ne5 55. Qb6 Ra4 56. Qc5 Nc4 57. h4 Ne5 58. g5 hxg5 59. hxg5 Rg4+ 60. Kh2 Rxg5 0-1

[Event "Andorra Open"]
[Site "Andorra"]
[Date "1994.??.??"]
[Round "8"]
[White "Vehi Bach, Victor M"]
[Black "Suba, Mihai"]
[Result "1-0"]
[WhiteElo "2420"]
[BlackElo "2525"]
[PlyCount "77"]
[EventDate "1994.06.??"]
[Source "www.chesslib.no"]
[SourceDate "2004.05.04"]

1. e4 c5 2. Nf3 d6 3. d4 Nf6 4. Nc3 cxd4 5. Nxd4 e6 6. Be2 a6 7. O-O Qc7 8. f4 Be7 9. Kh1 O-O 10. Be3 b5 11. e5 Ne8 12. Bd3 dxe5 13. fxe5 g6 14. Be4 Ra7 15. Ndxb5 axb5 16. Nxb5 Qxe5 17. Nxa7 Ba6 18. Qd4 Qxd4 19. Bxd4 Bxf1 20. Rxf1 Nd6 21. Bf3 Nf5 22. Bf2 Na6 23. g4 Nh4 24. Nc6 Nxf3 25. Nxe7+ Kg7 26. Be3 Ne5 27. Bd4 f6 28. g5 Nd7 29. gxf6+ Kf7 30. Nc6 Rc8 31. Ne5+ Nxe5 32. Bxe5 Rxc2 33. Rd1 Nc5 34. b4 Re2 35. bxc5 Rxe5 36. Rc1 Rd5 37. c6 Rd8 38. c7 Rc8 39. a4 1-0